000 00525nam a2200205Ia 4500
003 GCL
008 140319s9999 xx 000 0 eng d
040 _aGCL /
_cGCL
082 0 4 _a320.9
_bK P
100 1 _aKHADDURI, MAJID
245 1 0 _aPOLITICAL TRENDS IN THE ARAB WORLD /
_cKHADDURI, MAJID
260 _a[S.N] :
_bJOHN HOPKINS PRESS ،
_c1972
300 _a298
650 0 4 _aMIDDLE EAST
650 0 4 _aDEMOCRACY
650 0 4 _aARABIC WORLD
650 0 4 _aNATIONALISM
650 0 4 _aISLAM - POLITICS
942 _2ddc
_cBK
999 _c17661
_d17661